000 006650000a22001930004500
001 768714001
003 CO-MdFUSB
005 20170420160625.0
008 170420b2002 cr ||||| |||| 00| 0 spa d
040 _aCO-MdFUSB
_bspa
_cCO-MdFUSB
_dCO-MdFUSB
041 _aspa
100 1 _aPalma, Lucy
_eautor
245 1 0 _aSetenta veces siete :
_b¿hata cuánto amaremos a los niños?
300 _aVolumen 1-4, número 1-12, (2002), Páginas 18-20
_c27 cm.
546 _aTexto en español
650 1 4 _aTRABAJO SOCIAL CON NIÑOS
773 0 _tAlcanzando a los Niños en Riesgo
_049458
_960566
_gVolumen 1-4, número 1-12, (2002), Páginas 18-20
_qPáginas 18
942 _cANA
999 _c49599
_d49599